Контекстна реалізація лексико-семантичного поля "Подорож" у творах А. Хейлі "Небезпечний політ" та "Аеропорт" (Record no. 283414)
[ view plain ]
| 000 -LEADER | |
|---|---|
| fixed length control field | 02237nam a22001577a 4500 |
| 041 ## - LANGUAGE CODE | |
| Language code of text/sound track or separate title | ukr |
| 080 ## - UNIVERSAL DECIMAL CLASSIFICATION NUMBER | |
| Universal Decimal Classification number | 09 |
| 090 ## - LOCALLY ASSIGNED LC-TYPE CALL NUMBER (OCLC); LOCAL CALL NUMBER (OCLC) | |
| Local cutter number (OCLC) ; Book number/undivided call number, CALL (RLIN) | ЗАС |
| 100 ## - MAIN ENTRY--PERSONAL NAME | |
| Personal name | Заслонкіна Н. В. |
| 245 ## - TITLE STATEMENT | |
| Title | Контекстна реалізація лексико-семантичного поля "Подорож" у творах А. Хейлі "Небезпечний політ" та "Аеропорт" |
| 260 ## - PUBLICATION, DISTRIBUTION, ETC. (IMPRINT) | |
| Place of publication, distribution, etc | Острог |
| Name of publisher, distributor, etc | КАФ |
| Date of publication, distribution, etc | 2006 |
| 300 ## - PHYSICAL DESCRIPTION | |
| Extent | 45 |
| 520 ## - SUMMARY, ETC. | |
| Summary, etc | Розділ 1. Поняття "Семантичне поле" та його особлтвості.<br/>1.1. Визначеня "семантичного поля" та його характерних властивостей.<br/>1.2. Ієрархічна будова поля.<br/>1.3. Найпошнреніші типи семантичних полів.<br/>Розділ 2. Лексико-семантичне поле "подорож".<br/>2.1. Семантичні групи іменників, що зображають транспортні засоби та види транспортного транспортного обслуговуння.<br/>2.2. Особливості семантичої групи іменників із значенням "харчування туристів".<br/>2.3. Аналіз семантичної групи іменників із значенням "розміщення туристів та атракції".<br/>Розділ 3. Контекстна реалізація понять теми "подорож" у творах Артура Хейлі "Небезпечний політ" та "Аеропорт".<br/>3.1. Контекстуальний аналіз як метод дослідження функціональної сторони лексеми.<br/>3.2. Параметри семантичного поля "Подорож" у творах Артура Хейлі "Небезпенчний політ" та "Аеропорт".<br/>3.3. Контекстуалоьний аналіз досліджуваного поля на основі творів Артура Хейлі "Небезпечний політ" та "Аеропорт". |
| -- | лексикологія, семантичне поле |
| 650 ## - SUBJECT ADDED ENTRY--TOPICAL TERM | |
| Topical term or geographic name as entry element | Research Papers |
| 942 ## - ADDED ENTRY ELEMENTS (KOHA) | |
| Koha item type | Books |
| Withdrawn status | Lost status | Source of classification or shelving scheme | Damaged status | Not for loan | Home library | Current library | Date acquired | Source of acquisition | Coded location qualifier | Cost, normal purchase price | Total Checkouts | Full call number | Barcode | Date last seen | Price effective from | Koha item type |
|---|---|---|---|---|---|---|---|---|---|---|---|---|---|---|---|---|
| Universal Decimal Classification | ВІЛ - Відділ іноземн. літератури НБ | ВІЛ - Відділ іноземн. літератури НБ | 29/01/2019 | Ретроспекція | В13 | 1.00 | 09 | 212221 | 20/12/2021 | 29/01/2019 | Books |